অর্থশাস্ত্র পরিচয় / (Record no. 39762)
[ view plain ]
| 000 -LEADER | |
|---|---|
| fixed length control field | 00854nam a2200241 a 4500 |
| 001 - CONTROL NUMBER | |
| control field | 39762 |
| 003 - CONTROL NUMBER IDENTIFIER | |
| rucl marc code | BD-RjUL |
| 005 - DATE AND TIME OF LATEST TRANSACTION | |
| control field | 20211209053043.0 |
| 008 - FIXED-LENGTH DATA ELEMENTS--GENERAL INFORMATION | |
| fixed length control field | 160417s2010 bg a||| b||| 00| 0 ben d |
| 020 ## - INTERNATIONAL STANDARD BOOK NUMBER | |
| International Standard Book Number | 9789848882061 |
| Terms of availability | : Tk. 275.00 |
| 035 ## - SYSTEM CONTROL NUMBER | |
| System control number | (BD-RjUL)39875 |
| 040 ## - CATALOGING SOURCE | |
| Original cataloging agency | BD-RjUL |
| Language of cataloging | ben |
| Transcribing agency | BD-RjUL |
| 041 ## - LANGUAGE CODE | |
| Language code of text/sound track or separate title | ben |
| 082 ## - DEWEY DECIMAL CLASSIFICATION NUMBER | |
| Edition number | 23 |
| Classification number | 330 |
| Author mark and year | MUA 2010 |
| 100 ## - MAIN ENTRY--PERSONAL NAME | |
| Personal name | মুহাম্মদ, আনু |
| 9 (RLIN) | 120677 |
| 245 10 - TITLE STATEMENT | |
| Title | অর্থশাস্ত্র পরিচয় / |
| Statement of responsibility, etc. | আনু মুহাম্মদ |
| 260 ## - PUBLICATION, DISTRIBUTION, ETC. (IMPRINT) | |
| Place of publication, distribution, etc. | ঢাকা : |
| Name of publisher, distributor, etc. | সংহতি প্রকাশনা, |
| Date of publication, distribution, etc. | ২০১০ |
| 300 ## - PHYSICAL DESCRIPTION | |
| Pagination | ২০৪ পৃ. : |
| Illustrations | চিত্র. ; |
| Size | ২১ সেমি. |
| 504 ## - BIBLIOGRAPHY, ETC. NOTE | |
| Bibliography, etc | গ্রন্থপঞ্জি সংযুক্ত |
| 650 ## - SUBJECT ADDED ENTRY--TOPICAL TERM | |
| Topical term or geographic name as entry element | অর্থনীতি |
| 9 (RLIN) | 122489 |
| Topical term or geographic name as entry element | Economics |
| 9 (RLIN) | 122490 |
| 942 ## - ADDED ENTRY ELEMENTS (KOHA) | |
| Source of classification or shelving scheme | Dewey Decimal Classification |
| Koha item type | Books |
| Lost status | Source of classification or shelving scheme | Damaged status | Not for loan | Collection code | Permanent Location | Current Location | Shelving location | Date acquired | Source of acquisition | Cost, normal purchase price | Total Checkouts | Full call number | Date last seen | Copy number | Koha item type |
|---|---|---|---|---|---|---|---|---|---|---|---|---|---|---|---|
| Dewey Decimal Classification | Not For Loan | Non-fiction | Central Library, University of Rajshahi | Central Library, University of Rajshahi | Reading Room | 03/08/2014 | Batighar, Chittagong | 206.25 | B 330 MUA 2010 | 17/04/2016 | C-1 | Books |